Vzory podání s komentářem rukověť styku s finančními úřady

Saved in:
Bibliographic Details
Main Author: Kobík, Jaroslav
Other Authors: Jungwirth, Jan
Format: Book
Language:Czech
Published: Praha ASPI 2005
Edition:2. přeprac. vyd.
Series:Daňová řada
Subjects:
Tags: Add Tag
No Tags, Be the first to tag this record!

MARC

LEADER 00000nam$a2200000$$$4500
001 0076552
005 20240311131340.8
020 |a 80-7357-034-3 
041 0 |a cze 
044 |a CZ 
245 1 0 |a Vzory podání s komentářem  |b rukověť styku s finančními úřady  |c Jaroslav Kobík, Jan Jungwirth 
250 |a 2. přeprac. vyd. 
264 1 |a Praha  |b ASPI  |c 2005 
300 |a 243 s. 
490 1 |a Daňová řada 
830 0 |a Daňová řada 
610 2 0 |a korešpondencia 
610 2 0 |a úrady finančné 
610 2 0 |a administratíva 
610 2 0 |a vzory 
610 2 0 |a dane 
610 2 0 |a zákony 
610 2 0 |a predpisy právne 
610 2 0 |a správa daňová 
610 2 0 |a poplatky 
610 2 0 |a súdy 
610 2 0 |a registrácia 
610 2 0 |a prostriedky opravné 
610 2 0 |a dane z hodnoty pridanej 
610 2 0 |a nehnuteľnosti 
610 2 0 |a dane z dedičstva 
610 2 0 |a dane z prevodu a prechodu nehnuteľností 
610 2 0 |a zodpovednosť za škody 
610 2 0 |a poplatky správne 
100 1 |a Kobík, Jaroslav 
700 1 |a Jungwirth, Jan